[Event "Play for Durgesh Fundraiser Blitz"]
[Site "Vishy Anand Arena"]
[Date "2020.09.19"]
[Round "2"]
[White "Shubh_2007"]
[Black "Vaca100"]
[Result "1-0"]
[WhiteElo "1856"]
[BlackElo "1732"]
[Annotator "NA"]
[PlyCount "109"]
[EventDate "2020.09.19"]
[EventType "swiss (blitz)"]

1. e4 c5 2. Nf3 g6 3. c4 Bg7 4. d4 cxd4 5. Nxd4 Nc6 6. Be3 Nf6 7. Nc3 O-O 8. Be2 d6 9. f3 Bd7 10. Qd2 Nxd4 11. Bxd4 Bc6 12. O-O Nd7 13. Be3 a5 14. b3 Nc5 15. Rab1 Qb6 16. Rfc1 Rfc8 17. Kh1 Qd8 18. a3 a4 19. b4 Nb3 20. Qd3 Nxc1 21. Rxc1 h5 22. Rd1 Kh7 23. b5 Bd7 24. Nd5 Rab8 25. Ba7 Ra8 26. Be3 Qh8 27. Nb6 Rd8 28. Nxa8 Rxa8 29. f4 Bh6 30. f5 Bxe3 31. Qxe3 Qe5 32. fxg6+ fxg6 33. Rf1 Be6 34. Bd3 Rg8 35. g3 Rg7 36. Kg2 Qc3 37. e5 Kh8 38. exd6 exd6 39. Rf8+ Bg8 40. Qh6+ Rh7 41. Rxg8+ Kxg8 42. Qxg6+ Qg7 43. Qe8+ Qf8 44. Bxh7+ Kxh7 45. Qxf8 h4 46. Qxd6 h3+ 47. Kxh3 b6 48. Kg4 Kg8 49. Qxb6 Kh7 50. c5 Kg8 51. Qb7 Kh8 52. c6 Kg8 53. Qd7 Kh8 54. c7 Kg8 55. c8=Q# 1-0

[Event "Play for Durgesh Fundraiser Blitz"]
[Site "Vishy Anand Arena"]
[Date "2020.09.19"]
[Round "2"]
[White "Muralikrishna"]
[Black "Conqueror007"]
[Result "1-0"]
[WhiteElo "1844"]
[BlackElo "1289"]
[Annotator "NA"]
[PlyCount "61"]
[EventDate "2020.09.19"]
[EventType "swiss (blitz)"]

1. e4 c5 2. d4 cxd4 3. c3 dxc3 4. Nxc3 e6 5. Bc4 Nf6 6. Nf3 Bb4 7. O-O Bxc3 8. bxc3 Nxe4 9. Qe2 d5 10. Bb3 O-O 11. Rd1 Nxc3 12. Qd2 Nxd1 13. Qxd1 Nc6 14. Bb2 Qc7 15. h3 b6 16. Rc1 Bb7 17. Nd4 Rac8 18. Qg4 Qe5 19. Rd1 Qf6 20. Nxc6 Qxb2 21. Ne7+ Kh8 22. Nxc8 Bxc8 23. Qb4 Kg8 24. Qe7 a5 25. Qa7 Qe2 26. Rc1 Qa6 27. Qe7 b5 28. Rc7 a4 29. Bd1 b4 30. Bc2 Qe2 31. Bxh7+ 1-0

[Event "Play for Durgesh Fundraiser Blitz"]
[Site "Vishy Anand Arena"]
[Date "2020.09.19"]
[Round "2"]
[White "Twobrothers"]
[Black "SymbolX"]
[Result "0-1"]
[WhiteElo "1841"]
[BlackElo "2052"]
[Annotator "NA"]
[PlyCount "64"]
[EventDate "2020.09.19"]
[EventType "swiss (blitz)"]

1. e4 c5 2. Nf3 e6 3. d4 cxd4 4. Nxd4 Nf6 5. Nc3 Nc6 6. g3 Bb4 7. Nxc6 bxc6 8. Bg2 Ba6 9. Bd2 O-O 10. a3 Bc5 11. Ne2 d5 12. exd5 exd5 13. O-O Re8 14. Re1 Ng4 15. Be3 Bxe3 16. fxe3 Nxe3 17. Qd2 Nxg2 18. Kxg2 Qb6 19. c3 Rab8 20. Rab1 f6 21. Nd4 c5 22. Nf3 Bb7 23. Rxe8+ Rxe8 24. Re1 Rxe1 25. Nxe1 d4+ 26. Kg1 Qc6 27. cxd4 Qh1+ 28. Kf2 Qxh2+ 29. Ke3 cxd4+ 30. Kd3 Qxg3+ 31. Kc2 Be4+ 32. Kc1 Qe3 0-1

[Event "Play for Durgesh Fundraiser Blitz"]
[Site "Vishy Anand Arena"]
[Date "2020.09.19"]
[Round "2"]
[White "Apply11"]
[Black "SudiNarayana"]
[Result "1-0"]
[WhiteElo "1839"]
[BlackElo "1077"]
[Annotator "NA"]
[PlyCount "57"]
[EventDate "2020.09.19"]
[EventType "swiss (blitz)"]

1. d4 d5 2. Nf3 Nc6 3. Bf4 Bf5 4. c3 e6 5. Nbd2 Be7 6. e3 Nf6 7. Be2 O-O 8. O-O Qd7 9. Bb5 a6 10. Ne5 Qd6 11. Bxc6 bxc6 12. Ng6 hxg6 13. Bxd6 Bxd6 14. Qe2 Rfe8 15. Nf3 Bxh2+ 16. Nxh2 Rab8 17. f3 Rxb2 18. Qxb2 c5 19. Qd2 cxd4 20. cxd4 c5 21. g4 Bb1 22. Raxb1 cxd4 23. Qxd4 Nd7 24. Rb7 Nf6 25. Qa7 Rc8 26. Rxf7 Kh7 27. Rxg7+ Kh6 28. Qf7 Rh8 29. Rxg6# 1-0

[Event "Play for Durgesh Fundraiser Blitz"]
[Site "Vishy Anand Arena"]
[Date "2020.09.19"]
[Round "2"]
[White "Shriya R"]
[Black "VenkChess"]
[Result "1-0"]
[WhiteElo "1833"]
[BlackElo "1347"]
[Annotator "NA"]
[PlyCount "83"]
[EventDate "2020.09.19"]
[EventType "swiss (blitz)"]

1. e4 c6 2. Nc3 d5 3. Nf3 Bg4 4. h3 Bh5 5. exd5 cxd5 6. Bb5+ Nc6 7. g4 Bg6 8. d4 e6 9. Ne5 Qc7 10. h4 h5 11. Nxg6 fxg6 12. Qd3 Nge7 13. Bg5 O-O-O 14. O-O-O hxg4 15. Bxc6 Qxc6 16. Bxe7 Bxe7 17. Qxg6 Rxh4 18. Rxh4 Bxh4 19. Qxg7 Bxf2 20. Qxg4 Be3+ 21. Kb1 Rh8 22. Re1 Bd2 23. Rxe6 Rh1+ 24. Re1+ Kc7 25. Rxh1 Bxc3 26. Rh7+ Kb6 27. bxc3 Qxc3 28. Qe6+ Kb5 29. Qxd5+ Ka4 30. Qb3+ Qxb3+ 31. cxb3+ Ka5 32. d5 a6 33. d6 b5 34. d7 Kb6 35. d8=Q+ Kc5 36. Rc7+ Kb6 37. Qd6+ Ka5 38. b4+ Ka4 39. Qxa6+ Kxb4 40. a3+ Kb3 41. Qxb5+ Kxa3 42. Ra7# 1-0

[Event "Play for Durgesh Fundraiser Blitz"]
[Site "Vishy Anand Arena"]
[Date "2020.09.19"]
[Round "2"]
[White "neshaqn"]
[Black "Ccc2016"]
[Result "1-0"]
[WhiteElo "1821"]
[BlackElo "1979"]
[Annotator "NA"]
[PlyCount "93"]
[EventDate "2020.09.19"]
[EventType "swiss (blitz)"]

1. d4 d5 2. c4 e6 3. Nf3 Nf6 4. Nc3 Be7 5. cxd5 exd5 6. Bg5 c6 7. Qc2 O-O 8. e3 Re8 9. Bd3 h6 10. Bh4 Na6 11. a3 Nc7 12. O-O Bd6 13. Bg3 Ne6 14. Ne5 Ng5 15. h3 Nge4 16. Nxe4 Nxe4 17. Bxe4 dxe4 18. Bh2 f6 19. Nc4 Bxh2+ 20. Kxh2 Be6 21. Nd2 f5 22. Rac1 Qg5 23. Qc5 Bd5 24. g3 Re6 25. Nc4 Rg6 26. Ne5 Re6 27. b4 a6 28. a4 Rf8 29. b5 axb5 30. axb5 h5 31. h4 Qd8 32. bxc6 bxc6 33. Rb1 f4 34. exf4 Rxf4 35. gxf4 Qxh4+ 36. Kg1 e3 37. f3 Qg3+ 38. Kh1 Qh3+ 39. Kg1 Qg3+ 40. Kh1 Qxf4 41. Rb8+ Kh7 42. Qc2+ g6 43. Qg2 Qh4+ 44. Qh2 Bxf3+ 45. Rxf3 Qe4 46. Qg2 e2 47. Rb7+ 1-0

[Event "Play for Durgesh Fundraiser Blitz"]
[Site "Vishy Anand Arena"]
[Date "2020.09.19"]
[Round "2"]
[White "Passedpawnindia"]
[Black "Vhjoshi"]
[Result "1-0"]
[WhiteElo "1819"]
[BlackElo "1341"]
[Annotator "NA"]
[PlyCount "49"]
[EventDate "2020.09.19"]
[EventType "swiss (blitz)"]

1. d4 d5 2. c4 e6 3. Nf3 Nf6 4. g3 Bb4+ 5. Bd2 Bxd2+ 6. Nbxd2 Nbd7 7. Bg2 c6 8. Qc2 O-O 9. e4 dxe4 10. Nxe4 Nxe4 11. Qxe4 Nf6 12. Qc2 c5 13. Rd1 cxd4 14. Nxd4 Qe7 15. O-O Rb8 16. Rd2 b6 17. Nc6 Qc7 18. Nxb8 Qxb8 19. Rfd1 Bb7 20. Bxb7 Qxb7 21. Rd8 g6 22. Qc3 Nh5 23. Rxf8+ Kxf8 24. Qh8+ Ke7 25. Qd8# 1-0

[Event "Play for Durgesh Fundraiser Blitz"]
[Site "Vishy Anand Arena"]
[Date "2020.09.19"]
[Round "2"]
[White "Anandfan"]
[Black "Sadhika"]
[Result "1-0"]
[WhiteElo "1794"]
[BlackElo "1611"]
[Annotator "NA"]
[PlyCount "83"]
[EventDate "2020.09.19"]
[EventType "swiss (blitz)"]

1. d4 d5 2. Nc3 Nf6 3. Bg5 e6 4. e4 dxe4 5. Nxe4 Be7 6. Bxf6 Bxf6 7. Nf3 Nc6 8. c3 O-O 9. Bb5 a6 10. Bxc6 bxc6 11. O-O h6 12. Qd2 Bd7 13. Qf4 Be7 14. Ne5 f5 15. Nc5 Bxc5 16. dxc5 Qe8 17. Rad1 Rd8 18. Rd3 g5 19. Qc4 Kg7 20. Qd4 Kh7 21. Nxd7 Rf7 22. Nf6+ Rxf6 23. Qxd8 Qxd8 24. Rxd8 Rf7 25. Rfd1 e5 26. R8d7 Kg6 27. Rxf7 Kxf7 28. Rd7+ Ke6 29. Rxc7 Kd5 30. b4 e4 31. Kf1 f4 32. Ke2 g4 33. g3 fxg3 34. hxg3 h5 35. Ke3 Ke6 36. Rxc6+ Kd5 37. Rxa6 Kc4 38. c6 Kb5 39. Ra5+ Kxc6 40. Rxh5 Kd6 41. Rg5 Ke6 42. Rxg4 1-0

[Event "Play for Durgesh Fundraiser Blitz"]
[Site "Vishy Anand Arena"]
[Date "2020.09.19"]
[Round "2"]
[White "VedTheKnight"]
[Black "Aditya_dpawn"]
[Result "0-1"]
[WhiteElo "1783"]
[BlackElo "2014"]
[Annotator "NA"]
[PlyCount "64"]
[EventDate "2020.09.19"]
[EventType "swiss (blitz)"]

1. d4 Nf6 2. Bf4 d6 3. Nc3 c6 4. e4 Nbd7 5. Nf3 Qc7 6. Qd2 e5 7. dxe5 dxe5 8. Bg3 Bb4 9. O-O-O Nxe4 10. Qe3 Nxc3 11. bxc3 Ba3+ 12. Kb1 f6 13. Bc4 Nb6 14. Bb3 Nd5 15. Bxd5 cxd5 16. Rxd5 Be6 17. Nxe5 Qb6+ 18. Qxb6 axb6 19. Re1 Bxd5 20. Ng6+ Kf7 21. Nxh8+ Rxh8 22. f3 Rc8 23. Re3 Re8 24. Rd3 Be6 25. Bf2 b5 26. c4 b4 27. Rd4 Rc8 28. c3 bxc3 29. Kc2 Bb2 30. c5 Bf5+ 31. Kd1 c2+ 32. Kd2 c1=Q+ 0-1

[Event "Play for Durgesh Fundraiser Blitz"]
[Site "Vishy Anand Arena"]
[Date "2020.09.19"]
[Round "2"]
[White "AyushR"]
[Black "Rasulov Vugar"]
[Result "0-1"]
[WhiteElo "1777"]
[BlackElo "2501"]
[Annotator "TA"]
[PlyCount "90"]
[EventDate "2020.09.19"]
[EventType "swiss (blitz)"]

1. e4 c5 2. Nf3 e6 3. d4 cxd4 4. Nxd4 Nf6 5. Nc3 Nc6 6. Be3 Bb4 7. Bb5 Nxe4 8. Bd2 Nxd4 9. O-O Nxd2 10. Qxd2 Nxb5 11. a3 Bxc3 12. bxc3 d5 13. Rab1 Nd6 14. c4 Nxc4 15. Qb4 Qd6 16. Qb5+ Qc6 17. Qb4 a5 18. Qb3 O-O 19. Rfe1 Nd2 20. Qb2 Nxb1 21. Qxb1 d4 22. Qb3 b6 23. Qg3 Bb7 24. Re5 Qxc2 25. h3 Qc3 26. Qh4 d3 27. Rh5 h6 28. Qg3 d2 29. Qxc3 d1=Q+ 30. Kh2 Qxh5 31. Qc7 Qd5 32. Qg3 Qxg2+ 33. Qxg2 Bxg2 34. Kxg2 a4 35. Kf3 b5 36. Ke4 b4 37. Kd3 bxa3 38. f4 Rfb8 39. f5 a2 40. fxe6 fxe6 41. h4 a1=Q 42. h5 Rb4 43. Kc2 Rb3 44. Kd2 Qa2+ 45. Kc1 Rb1# 0-1

[Event "Play for Durgesh Fundraiser Blitz"]
[Site "Vishy Anand Arena"]
[Date "2020.09.19"]
[Round "2"]
[White "Kingofblitz"]
[Black "Ashutosh Agrawal"]
[Result "1-0"]
[WhiteElo "1771"]
[BlackElo "1738"]
[Annotator "NA"]
[PlyCount "115"]
[EventDate "2020.09.19"]
[EventType "swiss (blitz)"]

1. c4 Nf6 2. Nc3 e6 3. e4 d6 4. d4 Be7 5. Be3 e5 6. f3 exd4 7. Bxd4 Nc6 8. Be3 Be6 9. b3 a6 10. Nge2 b5 11. cxb5 axb5 12. Nxb5 O-O 13. Ned4 Bd7 14. Nxc6 Bxc6 15. Nd4 Bb7 16. Nf5 Nd7 17. Nxe7+ Qxe7 18. Be2 c5 19. O-O Ne5 20. Qd2 Rfb8 21. Rfd1 Rd8 22. Qc3 Ng6 23. Rd2 Rd7 24. Rad1 Ba6 25. Bxa6 Rxa6 26. Bxc5 Rc6 27. b4 Qe6 28. Qd3 h6 29. Be3 Ne5 30. Qd5 Qg6 31. Kf2 Qf6 32. Bd4 Rcc7 33. a4 Qh4+ 34. Kg1 Qg5 35. Kf1 Qf4 36. Bg1 Nc4 37. Re2 Rb7 38. b5 Nb6 39. Qb3 d5 40. a5 Nc4 41. a6 Ra7 42. exd5 Rac7 43. Qd3 g6 44. Re4 Qf5 45. Re8+ Kg7 46. Qxf5 gxf5 47. a7 Rxa7 48. Bxa7 Rxa7 49. d6 Rd7 50. Re7 Ne3+ 51. Rxe3 Rxd6 52. Rxd6 f4 53. b6 fxe3 54. b7 e2+ 55. Kxe2 f5 56. b8=Q f4 57. Qc7+ Kh8 58. Rd8# 1-0

[Event "Play for Durgesh Fundraiser Blitz"]
[Site "Vishy Anand Arena"]
[Date "2020.09.19"]
[Round "2"]
[White "Suryakhanal"]
[Black "tacticabd"]
[Result "0-1"]
[WhiteElo "1765"]
[BlackElo "1725"]
[Annotator "NA"]
[PlyCount "28"]
[EventDate "2020.09.19"]
[EventType "swiss (blitz)"]

1. e4 e6 2. d4 d5 3. Nd2 a6 4. Ngf3 Nf6 5. e5 Nfd7 6. Bd3 c5 7. c3 Nc6 8. O-O g5 9. dxc5 g4 10. Nd4 Ndxe5 11. Be2 Bxc5 12. N2b3 Bd6 13. Bxg4 Qh4 14. Nxc6 Nf3+ 0-1

[Event "Play for Durgesh Fundraiser Blitz"]
[Site "Vishy Anand Arena"]
[Date "2020.09.19"]
[Round "2"]
[White "Sathvik_adiga11"]
[Black "Parthivkava"]
[Result "1/2-1/2"]
[WhiteElo "1760"]
[BlackElo "1559"]
[Annotator "NA"]
[PlyCount "124"]
[EventDate "2020.09.19"]
[EventType "swiss (blitz)"]

1. e4 c6 2. d4 d5 3. Nc3 dxe4 4. Nxe4 Bf5 5. Ng3 Qa5+ 6. Bd2 Qd5 7. c4 Qe6+ 8. Be2 Bd3 9. Nf3 Bxc4 10. Ne5 Bxe2 11. Nxe2 Nf6 12. Nf4 Qd6 13. Bc3 e6 14. Nc4 Qxf4 15. O-O Ng4 16. g3 Qh6 17. h4 Qg6 18. Re1 Qf5 19. Qe2 Be7 20. Rad1 O-O 21. f3 Nh6 22. Kg2 Nd7 23. Ne3 Qg6 24. Kh2 Rad8 25. Kh3 Bd6 26. Rg1 Nf6 27. Qd3 Qxd3 28. Rxd3 Nf5 29. Nxf5 exf5 30. Re1 Nd5 31. Rd2 f4 32. g4 Nf6 33. Rde2 Nd5 34. Bd2 h6 35. g5 hxg5 36. hxg5 Ne3 37. Bxe3 fxe3 38. Rxe3 Bf4 39. Rd3 Bxg5 40. Re4 Bf6 41. Rf4 a6 42. Re4 b5 43. Kg2 a5 44. Kf2 Rd7 45. Ke2 Rfd8 46. Kd2 Rxd4 47. Rexd4 Rxd4 48. Rxd4 Bxd4 49. Kd3 Bf6 50. Ke4 Kh7 51. Kd3 Kg6 52. a4 Kf5 53. axb5 cxb5 54. b3 Ke6 55. Kc2 Kd5 56. Kb1 Kc5 57. Ka2 Kb4 58. f4 a4 59. f5 axb3+ 60. Kb1 b2 61. Kc2 Ka3 62. Kb1 Kb3 1/2-1/2

[Event "Play for Durgesh Fundraiser Blitz"]
[Site "Vishy Anand Arena"]
[Date "2020.09.19"]
[Round "2"]
[White "Scorpion29"]
[Black "Abracadabra"]
[Result "1-0"]
[WhiteElo "1750"]
[BlackElo "1493"]
[Annotator "NA"]
[PlyCount "53"]
[EventDate "2020.09.19"]
[EventType "swiss (blitz)"]

1. e4 e5 2. Nf3 Nc6 3. Bb5 a6 4. Ba4 Nf6 5. O-O Be7 6. Re1 b5 7. Bb3 O-O 8. a4 Bb7 9. c3 d6 10. d3 Nb8 11. Nbd2 Nbd7 12. Nf1 Re8 13. Ng3 g6 14. h4 Bf8 15. h5 c5 16. Ng5 Re7 17. hxg6 hxg6 18. f4 exf4 19. Bxf4 Bg7 20. Bxd6 bxa4 21. Bxe7 Qxe7 22. Rxa4 Bc6 23. Ra1 Rf8 24. Rxa6 Ne5 25. d4 Bb5 26. Ra5 c4 27. Rxb5 1-0

[Event "Play for Durgesh Fundraiser Blitz"]
[Site "Vishy Anand Arena"]
[Date "2020.09.19"]
[Round "2"]
[White "COLGATE"]
[Black "Nithin2107"]
[Result "1-0"]
[WhiteElo "1742"]
[BlackElo "1303"]
[Annotator "NA"]
[PlyCount "59"]
[EventDate "2020.09.19"]
[EventType "swiss (blitz)"]

1. e4 e5 2. Nf3 Nc6 3. Bb5 a6 4. Ba4 Nf6 5. O-O Be7 6. Re1 O-O 7. c3 d5 8. exd5 Nxd5 9. Bxc6 bxc6 10. Nxe5 Bd6 11. d4 Qh4 12. Nd2 f6 13. Ndf3 Qh5 14. Nxc6 Bg4 15. h3 Bd7 16. Nb4 Nxb4 17. cxb4 Bxb4 18. Qb3+ Kh8 19. Qxb4 Bxh3 20. gxh3 Qxf3 21. Qc3 Qf5 22. Qg3 Rab8 23. b3 Rbe8 24. Ba3 Rxe1+ 25. Rxe1 Rd8 26. Re7 Qb1+ 27. Kh2 g6 28. Qxc7 Re8 29. Rxh7+ Kg8 30. Qf7# 1-0

[Event "Play for Durgesh Fundraiser Blitz"]
[Site "Vishy Anand Arena"]
[Date "2020.09.19"]
[Round "2"]
[White "Audi_S_Tesla"]
[Black "Mithil"]
[Result "1-0"]
[WhiteElo "1741"]
[BlackElo "2095"]
[Annotator "NA"]
[PlyCount "87"]
[EventDate "2020.09.19"]
[EventType "swiss (blitz)"]

1. e4 c6 2. Nf3 d5 3. exd5 cxd5 4. d4 Nf6 5. Bd3 Nc6 6. O-O Bg4 7. c3 e6 8. Re1 Qc7 9. Na3 Bxa3 10. bxa3 O-O 11. Bg5 Nd7 12. Bh4 Na5 13. Bxh7+ Kh8 14. Bd3 Qxc3 15. Re3 Qc7 16. Rc1 Nc6 17. Bg3 Qd8 18. Bd6 Re8 19. h3 Bxf3 20. Qxf3 Nf6 21. Qf4 Kg8 22. Be5 Rc8 23. Rb1 b6 24. Ba6 Nd7 25. Bxc8 Ndxe5 26. Bxe6 Rxe6 27. dxe5 d4 28. Ree1 Qd5 29. Rbc1 Nxe5 30. Qf5 g6 31. Qc2 Kg7 32. Qb2 Nd3 33. Qd2 Nxe1 34. Rxe1 Rxe1+ 35. Qxe1 d3 36. Qc3+ Kh7 37. Qd2 Qd4 38. g4 Qe4 39. Kh2 Qe2 40. Qf4 d2 41. Qxf7+ Kh6 42. Qf8+ Kg5 43. Kg3 Qd3+ 44. f3 1-0

[Event "Play for Durgesh Fundraiser Blitz"]
[Site "Vishy Anand Arena"]
[Date "2020.09.19"]
[Round "2"]
[White "Santy18389"]
[Black "Supriya H B"]
[Result "1-0"]
[WhiteElo "1721"]
[BlackElo "1620"]
[Annotator "NA"]
[PlyCount "65"]
[EventDate "2020.09.19"]
[EventType "swiss (blitz)"]

1. e4 c5 2. f4 Nc6 3. Nf3 Nf6 4. Nc3 g6 5. Bb5 Bg7 6. O-O O-O 7. d3 d6 8. Bxc6 bxc6 9. e5 dxe5 10. fxe5 Ng4 11. Qe2 Bf5 12. h3 Nh6 13. Bd2 Rb8 14. b3 Be6 15. Rae1 Bd5 16. Ne4 Bxe5 17. Nxe5 Bxe4 18. Qxe4 Qc7 19. Bxh6 Rbd8 20. Bxf8 Kxf8 21. Nxf7 Kg8 22. Qe6 Rf8 23. Nh6+ Kg7 24. Rxf8 Kxh6 25. Ref1 Qg3 26. R8f3 Qg5 27. Qe3 Qxe3+ 28. Rxe3 Kg7 29. Rxe7+ Kh6 30. Rxa7 c4 31. Rff7 cxd3 32. cxd3 c5 33. h4 1-0

[Event "Play for Durgesh Fundraiser Blitz"]
[Site "Vishy Anand Arena"]
[Date "2020.09.19"]
[Round "2"]
[White "Maharnav2002"]
[Black "Onkar Charpilwar"]
[Result "*"]
[WhiteElo "1715"]
[BlackElo "1308"]
[Annotator "NA"]
[PlyCount "138"]
[EventDate "2020.09.19"]
[EventType "swiss (blitz)"]

1. d4 Nf6 2. Bf4 d5 3. e3 Nc6 4. c3 Bf5 5. Bd3 Bxd3 6. Qxd3 e6 7. Nf3 Bd6 8. Nbd2 h6 9. Ne5 Ne4 10. Nxe4 dxe4 11. Qxe4 Nxe5 12. dxe5 Be7 13. O-O O-O 14. Rad1 Qc8 15. Qf3 c6 16. Qg3 Kh7 17. Qf3 Qc7 18. Qe4+ Kg8 19. Rd3 Rad8 20. Rfd1 Rd5 21. Rxd5 cxd5 22. Qa4 Qb6 23. Qb3 Rc8 24. f3 Rc6 25. Qxb6 Rxb6 26. b3 a6 27. c4 dxc4 28. bxc4 Bb4 29. Rd8+ Kh7 30. Rd7 Kg6 31. e4 Bc5+ 32. Kf1 Rb1+ 33. Ke2 Rb2+ 34. Rd2 Rb6 35. Be3 Bxe3 36. Kxe3 Rc6 37. Kd4 h5 38. Kc3 b5 39. Rd4 a5 40. Kb3 bxc4+ 41. Rxc4 Ra6 42. Ka4 Kg5 43. Rc5 Kf4 44. Rxa5 Rxa5+ 45. Kxa5 Kxe5 46. Kb6 Kd4 47. a4 f5 48. a5 fxe4 49. fxe4 Kxe4 50. a6 Kf4 51. a7 e5 52. a8=Q e4 53. Qb8+ Ke3 54. Qg3+ Kd4 55. Qe1 e3 56. Kc6 Ke4 57. Kd6 g5 58. Kc5 g4 59. Kc4 h4 60. Qxh4 Kf5 61. Qg3 e2 62. Qf2+ Ke4 63. Qxe2+ Kf5 64. Kd4 Kg5 65. Ke4 Kg6 66. Kf4 Kf6 67. Qxg4 Ke7 68. h4 Kd6 69. Qf5 Ke7 *

[Event "Play for Durgesh Fundraiser Blitz"]
[Site "Vishy Anand Arena"]
[Date "2020.09.19"]
[Round "2"]
[White "Arunava"]
[Black "Aagam aditya e"]
[Result "1-0"]
[WhiteElo "1712"]
[BlackElo "1730"]
[Annotator "NA"]
[PlyCount "47"]
[EventDate "2020.09.19"]
[EventType "swiss (blitz)"]

1. d4 Nf6 2. c4 e6 3. Nf3 d5 4. Nc3 Bb4 5. Bd2 O-O 6. e3 c5 7. a3 cxd4 8. exd4 Bxc3 9. Bxc3 Nc6 10. Bd3 Bd7 11. O-O h6 12. Rc1 Rc8 13. Re1 Qc7 14. Ne5 dxc4 15. Bxc4 Qb8 16. Ba2 Nxe5 17. dxe5 Nd5 18. Bxd5 exd5 19. Qxd5 Bc6 20. Qd6 Qa8 21. e6 fxe6 22. Qxe6+ Kh8 23. Qxh6+ Kg8 24. Qxg7# 1-0

[Event "Play for Durgesh Fundraiser Blitz"]
[Site "Vishy Anand Arena"]
[Date "2020.09.19"]
[Round "2"]
[White "Manik555"]
[Black "Kushal Jani"]
[Result "1-0"]
[WhiteElo "1697"]
[BlackElo "1895"]
[Annotator "NA"]
[PlyCount "59"]
[EventDate "2020.09.19"]
[EventType "swiss (blitz)"]

1. e4 c5 2. Nf3 d6 3. d4 cxd4 4. Nxd4 Nf6 5. Nc3 a6 6. Be2 e5 7. Nb3 Be7 8. O-O h6 9. Be3 O-O 10. f4 exf4 11. Rxf4 Nc6 12. Kh1 Be6 13. Qe1 Ne5 14. Qg3 Nh7 15. Rff1 Bh4 16. Qf4 b5 17. Rfd1 Be7 18. Nd5 Bxd5 19. Rxd5 Qd7 20. Nd4 Bg5 21. Qf2 Ng4 22. Bxg4 Qxg4 23. Nf5 Qxe4 24. Bxg5 Nxg5 25. Rxd6 Rae8 26. h3 Nxh3 27. Nxh6+ gxh6 28. Qg3+ Ng5 29. Rxh6 Qe5 30. Qg4 1-0

[Event "Play for Durgesh Fundraiser Blitz"]
[Site "Vishy Anand Arena"]
[Date "2020.09.19"]
[Round "2"]
[White "Rahulyadav"]
[Black "Prashanth_k01"]
[Result "1-0"]
[WhiteElo "1692"]
[BlackElo "1399"]
[Annotator "NA"]
[PlyCount "65"]
[EventDate "2020.09.19"]
[EventType "swiss (blitz)"]

1. d4 Nf6 2. Bf4 e6 3. e3 d5 4. Nf3 Bd6 5. Bg3 Bxg3 6. hxg3 c6 7. c3 Nbd7 8. Bd3 Qc7 9. Nbd2 e5 10. dxe5 Nxe5 11. Nxe5 Qxe5 12. O-O Bg4 13. Qc2 O-O-O 14. e4 h5 15. Rfe1 h4 16. exd5 Qxd5 17. Re3 h3 18. Nf3 Bxf3 19. gxf3 h2+ 20. Kh1 Ng4 21. Bf5+ Kb8 22. Bxg4 g6 23. c4 Qd6 24. f4 f5 25. Bf3 Rde8 26. Rae1 Reg8 27. Qd1 Qc5 28. b3 g5 29. fxg5 Rxg5 30. Re6 f4 31. Re8+ Rxe8 32. Rxe8+ Kc7 33. Qd8# 1-0

[Event "Play for Durgesh Fundraiser Blitz"]
[Site "Vishy Anand Arena"]
[Date "2020.09.19"]
[Round "2"]
[White "Uddipanroy"]
[Black "reymysterio"]
[Result "1/2-1/2"]
[WhiteElo "1692"]
[BlackElo "1620"]
[Annotator "NA"]
[PlyCount "114"]
[EventDate "2020.09.19"]
[EventType "swiss (blitz)"]

1. e4 c5 2. Nc3 a6 3. g3 b5 4. Bg2 Bb7 5. d3 e6 6. Be3 b4 7. Nce2 d5 8. exd5 exd5 9. d4 c4 10. c3 Nf6 11. Nf3 Bd6 12. Ne5 O-O 13. O-O Nfd7 14. Nxc4 Qc7 15. Nxd6 Qxd6 16. c4 Nf6 17. c5 Qd7 18. Qb3 a5 19. a3 Ba6 20. Rfe1 a4 21. Qxb4 Nc6 22. Qc3 Rab8 23. Qc2 Na5 24. Nc3 Rb3 25. Nxa4 Qxa4 26. Bg5 Qc6 27. Bxf6 gxf6 28. Qf5 Bc8 29. Qxd5 Qxd5 30. Bxd5 Rxb2 31. Re7 Nb3 32. Rae1 Nxd4 33. Rxf7 Rxf7 34. Re8+ Kg7 35. Bxf7 Kxf7 36. Rxc8 Rc2 37. Rc7+ Kg6 38. a4 Nb3 39. c6 Na5 40. Rc8 Nxc6 41. a5 Nd4 42. Rxc2 Nxc2 43. a6 Nd4 44. a7 Nf3+ 45. Kg2 Ne5 46. a8=Q Ng4 47. Qg8+ Kh6 48. Qxg4 f5 49. Qh4+ Kg7 50. Qh3 f4 51. gxf4 h6 52. Kf3 Kh7 53. Kg4 Kg6 54. Qxh6+ Kxh6 55. f5 Kg7 56. f4 Kf7 57. h4 Kf6 1/2-1/2

[Event "Play for Durgesh Fundraiser Blitz"]
[Site "Vishy Anand Arena"]
[Date "2020.09.19"]
[Round "2"]
[White "Shashank Karanam"]
[Black "Srivishva"]
[Result "0-1"]
[WhiteElo "1685"]
[BlackElo "1604"]
[Annotator "NA"]
[PlyCount "66"]
[EventDate "2020.09.19"]
[EventType "swiss (blitz)"]

1. e4 e5 2. Nf3 d6 3. d4 exd4 4. Qxd4 Qf6 5. e5 dxe5 6. Qxe5+ Qxe5+ 7. Nxe5 Nd7 8. Nxd7 Bxd7 9. c4 Nf6 10. Nc3 Be7 11. Bf4 c6 12. O-O-O O-O 13. Bg5 Be6 14. Bd3 h6 15. Bxf6 Bxf6 16. Ne4 Bg5+ 17. Kc2 Bf4 18. g3 Be5 19. f4 Bc7 20. a3 Rad8 21. c5 Bd5 22. Rhe1 Bxe4 23. Bxe4 Rxd1 24. Rxd1 Rd8 25. Rxd8+ Bxd8 26. Kd3 Ba5 27. b4 Bc7 28. Kc4 Kf8 29. a4 Ke7 30. b5 cxb5+ 31. axb5 b6 32. c6 Kd6 33. Kd4 g6 0-1

[Event "Play for Durgesh Fundraiser Blitz"]
[Site "Vishy Anand Arena"]
[Date "2020.09.19"]
[Round "2"]
[White "Hrishikeshrr"]
[Black "Stormingrage_60"]
[Result "1-0"]
[WhiteElo "1682"]
[BlackElo "1620"]
[Annotator "NA"]
[PlyCount "53"]
[EventDate "2020.09.19"]
[EventType "swiss (blitz)"]

1. e4 e6 2. Nc3 Be7 3. d4 Nf6 4. Nf3 Nc6 5. Bb5 Bb4 6. e5 Nd5 7. Bd2 Nxc3 8. Bxc3 Bxc3+ 9. bxc3 a6 10. Bxc6 bxc6 11. O-O O-O 12. c4 f6 13. c3 fxe5 14. dxe5 Qf6 15. exf6 Rxf6 16. Qd4 d6 17. c5 d5 18. Ne5 Bb7 19. Rab1 Ra7 20. Rb2 Kf8 21. Rfb1 Ba8 22. Rb8+ Ke7 23. Ng4 Rf7 24. Qe5 Kd7 25. Re1 Re7 26. Qf4 h6 27. Ne5# 1-0

[Event "Play for Durgesh Fundraiser Blitz"]
[Site "Vishy Anand Arena"]
[Date "2020.09.19"]
[Round "2"]
[White "chessking2003 qw"]
[Black "SuhasMrinal"]
[Result "1/2-1/2"]
[WhiteElo "1681"]
[BlackElo "1620"]
[Annotator "NA"]
[PlyCount "55"]
[EventDate "2020.09.19"]
[EventType "swiss (blitz)"]

1. e4 e5 2. Nf3 Nc6 3. Bb5 a6 4. Ba4 Nf6 5. Qe2 b5 6. Bb3 Be7 7. c3 d5 8. d3 O-O 9. O-O Bg4 10. h3 Bh5 11. Nbd2 dxe4 12. Nxe4 Nxe4 13. dxe4 Bc5 14. Be3 Bxe3 15. Qxe3 Re8 16. Rad1 Qe7 17. Bd5 Qf6 18. Qc5 Bxf3 19. gxf3 Qxf3 20. Qxc6 Qxh3 21. Qxc7 Qg4+ 22. Kh1 Qh3+ 23. Kg1 Qg4+ 24. Kh2 Qh4+ 25. Kg2 Qg4+ 26. Kh2 Qh4+ 27. Kg2 Qg4+ 28. Kh2 1/2-1/2

[Event "Play for Durgesh Fundraiser Blitz"]
[Site "Vishy Anand Arena"]
[Date "2020.09.19"]
[Round "2"]
[White "Prochamp27"]
[Black "mightyqueen"]
[Result "0-1"]
[WhiteElo "1672"]
[BlackElo "1737"]
[Annotator "NA"]
[PlyCount "62"]
[EventDate "2020.09.19"]
[EventType "swiss (blitz)"]

1. e4 e5 2. Nf3 Nc6 3. Bc4 Nf6 4. Ng5 d5 5. exd5 Na5 6. Bb5+ c6 7. dxc6 bxc6 8. Qf3 Be7 9. Bxc6+ Nxc6 10. Qxc6+ Bd7 11. Qc4 O-O 12. Nc3 h6 13. Nge4 Nxe4 14. Nxe4 Rc8 15. Qb3 Be6 16. Qf3 Bd5 17. Qe2 Bc4 18. d3 Bb4+ 19. Bd2 Bxd2+ 20. Nxd2 Be6 21. O-O Rxc2 22. Rac1 Rxb2 23. Qxe5 Rxd2 24. Qe3 Rxd3 25. Qe2 Rd5 26. h3 Qg5 27. Kh1 Qh4 28. Rcd1 Bxh3 29. gxh3 Qxh3+ 30. Kg1 Rg5+ 31. Qg4 Rxg4# 0-1

[Event "Play for Durgesh Fundraiser Blitz"]
[Site "Vishy Anand Arena"]
[Date "2020.09.19"]
[Round "2"]
[White "Duvvaabbulu"]
[Black "Abhiharry726"]
[Result "1-0"]
[WhiteElo "1670"]
[BlackElo "1620"]
[Annotator "NA"]
[PlyCount "47"]
[EventDate "2020.09.19"]
[EventType "swiss (blitz)"]

1. e4 e5 2. Nf3 Nc6 3. d4 d6 4. d5 Nce7 5. c4 b6 6. Nc3 Ng6 7. Be2 Nf6 8. h4 Nh5 9. Nxe5 Nxe5 10. Bxh5 Qf6 11. Bg5 Qxg5 12. hxg5 g6 13. Be2 Bg7 14. f4 Nd7 15. Qc2 O-O 16. O-O Nc5 17. f5 Bd4+ 18. Kh1 gxf5 19. exf5 Kg7 20. Ne4 Nxe4 21. Qxe4 Bc5 22. Qh4 Rh8 23. Qh6+ Kg8 24. f6 1-0